00643 2200253 4500001002100000005001500021035002000036007000300056008004100059040001700100100001600117245005100133300004000184020001800224041000800242082000800250084001400258090001900272260003800291600001000329850001000339990002300349990001700372INLIS00000000000306920260529092459 a0010-0321000032ta260529 0  aSBPUPADbind0 aAbdul Chaer1 aKamus Ungkapan Bahasa Indonesia /cAbdul Chaer a207 ;c20 cmeBibliografi, hlm 208 a979-518-691-40 aind a413 a413 ABD k a413 ABD k L2-2 a.--Jakarta :bRineka Cipta,c2002 4aKamus aPUPAD a5411/br/ARPUS/2007 a5410/BR-2007